Tiere mit G - Statistiken

Allgemein
  • Dieses Quiz wurde 88 mal gespielt
    41 seit der letzten Aktualisierung
  • Das Durchschnittsergebnis liegt bei 9 aus 19
Antwortstatistiken
Hint Antwort % Korrekt
Säugetier Giraffe
100%
Vogel Gans
81%
Säugetier Gepard
74%
Säugetier Gorilla
68%
Vogel Geier
65%
Säugetier Gazelle
61%
Säugetier Gnu
61%
Insekt Grille
61%
Fisch Goldfisch
55%
Reptil Gecko
48%
Insekt Grashüpfer
45%
Säugetier Gürteltier
39%
Säugetiere Gibbon
35%
Sonstige Garnele
29%
Insekt Gottesanbeterin
29%
Säugetier Grizzlybär
29%
Insekt Glühwürmchen
19%
Amphibie Grottenolm
16%
Amphibie Geburtshelferkröte
6%
Keine übereinstimmenden Quizze gefunden
Verteilung der Resultate
Anzahl Personen mit jedem Resultat
Perzentil nach korrekt beantworteten Fragen
Ihre Resultats-Entwicklung
Sie haben dieses Quiz seit der letzten Aktualisierung nicht gespielt